00878nam a22002057a 4500003000900000008004100009020001800050040007100068082001500139100002300154245004900177260002900226300004400255440001800299505027800317650001600595650001800611650002600629700001700655AR-CdUCM190322b ||||| |||| 00| 0 spa d a84-309-0641-X aMUNICIPALIDAD PROVINCIAL DEL CUSCOcBIBLIOTECA MUNICIPAL DEL CUSCO a630 /bE96 aEvenson, Robert E. aInvestigación agrícola y productividad / aMadrid :bTecnos,c1976. a174 páginas ;bIlustraciones,c23 cm. aBanco mundial aLa producción de alimentos: problemas y perspectivas -- Inversiones en investigación y extensión agrícola -- Transferencia tecnológica internacional: el caso de las variedades de caña de azúcar -- Investigación y productividad en el trigo y en el maíz ... aAgricultura aProductividad aEconomía agrícola aKislev, Yoav